000 00416nam a2200181Ia 4500
001 3178
005 20260306144901.0
008 260306t2001||||xx |||||||||||||| ||spa||
041 _aESP
082 _a261.8
_bH66
100 _aHöffner, Joseph
_eAUT
245 0 _aDoctrina social cristiana
260 _c2001
300 _a282 páginas :
_c21 cm.
650 _aGEN
654 _aCHU
942 _cLIB
_dJUS
_fJUS
_2ddc
_n
999 _c3178
_d3178